01207nam a2200313 a 450000100060000000300080000600500170001400800410003102000230007202000230009503500190011804000350013704100080017208200240018010000290020424501760023326000540040930000240046349000690048750400260055650500110058265100330059365100350062670000630066170000200072470000590074471000210080383000690082454637BD-RjUL20211209080140.0951026r19951958enka 000 0deng d a1852970421 (Vol.1) a185297043X (Vol.2) a(BD-RjUL)54759 aBD-RjULbengcBD-RjULdBD-RjUL aeng a910.4223bBAT 19620 aBatuta, Ibn d1304-1377.14aThe travels of Ibn Baṭṭūṭa, A.D. 1325-1354 /cTranslated with revisions and notes from the Arabic text edited by C. Defrémery and B.R. Sanguinetti by H.A.R. Gibb aBanham, Norfolk :bArchival Facsimiles Ltd,c1995 av. :bill. ;c23 cm1 aWorks issued by the Hakluyt Society ;v2nd ser., vol. 110 [etc.] aIncludes bibliography0 aVol. 2 0aAsiaxDescription and travel 0aAfricaxDescription and travel1 aGibb, H. A. R.q(Hamilton Alexander Rosskeen),d1895-1971.1 aDefrémery, C.1 aSanguinetti, B. R.q(Beniamino Raffaello),d1811-1883.2 aHakluyt Society. 0aWorks issued by the Hakluyt Society ;v2nd ser., vol. 110 [etc.]